000 00873nam a2200229 a 4500
001 000013297
005 20240306073902.0
008 091123s2004 dr abc 000 0 spa d
020 _a8482616846
040 _aDO-SdBNP
_bspa
_cBNPHU
082 _axxxx
_bM425
245 0 0 _aMatemáticas 6 /
_cdirección editorial Obdulia García de Escobar ; ilustración Edward Reyes Colón ; editor Andrés Molina Moloon.
260 _aSanto Domingo :
_bSantillana,
_c2004.
300 _a191 p. :
_bil., map., retrs. ;
_c28 cm.
490 1 _aÁmbar
500 _aEste libro ha sido realizado de conformidad con el currículum vigente y ha sido sometido a la aprobación de la SEE
700 1 _aGarcía Escobar, Obdulia de
_edir. ed.
_929220
700 1 _aReyes Colón, Edward,
_eil.
_929257
700 1 _aMolina Moloon, Andrés,
_eed.
_96595
830 0 _aÁmbar
_96599
049 _aBNPD
999 _c12927
_d12927